[Event "Kieler Open 2017-A"]
[Site "Kiel"]
[Date "2017.08.02"]
[Round "7.18"]
[White "Pluska, Alexander"]
[Black "Prasse, Philipp"]
[Result "1-0"]
[WhiteElo "2205"]
[BlackElo "2013"]
[Annotator "FS"]
[PlyCount "55"]


1. e4 c6 2. d4 d5 3. e5 c5 4. dxc5 e6 5. a3 Nc6 6. Nf3 Bxc5 7. b4 Bb6 8. Bb2
Nge7 9. Bd3 Ng6 10. O-O O-O 11. Re1 f6 12. exf6 gxf6 13. Bxg6 hxg6 14. Qd3 Kg7
15. c4 dxc4 16. Qxc4 Qd5 17. Qxd5 exd5 18. Nc3 Ne5 19. Nxd5 Nxf3+ 20. gxf3 Bd8
21. Rad1 b5 22. Nc3 a6 23. Ne4 Bf5 24. Rd6 a5 25. bxa5 Be7 26. Rb6 Rxa5 27. Rb7
Rf7 28. Ng5 1-0

[Event "Kieler Open 2017-A"]
[Site "Kiel"]
[Date "2017.08.02"]
[Round "7.19"]
[White "Haffner, Alexander"]
[Black "Karlisch, Moritz"]
[Result "1-0"]
[WhiteElo "2113"]
[BlackElo "1887"]
[Annotator "FS"]
[PlyCount "117"]


1. d4 d5 2. Nf3 Nf6 3. c4 c6 4. cxd5 cxd5 5. Nc3 Nc6 6. Bf4 a6 7. e3 Bf5 8. Bd3
Bxd3 9. Qxd3 e6 10. O-O Bd6 11. Bg5 O-O 12. a3 Be7 13. b4 Nd7 14. Bf4 b5 15.
Nd2 Nb6 16. Nb3 Bd6 17. Bxd6 Qxd6 18. Nc5 Nc4 19. f4 f5 20. Qe2 Rf6 21. Ra2 Ra7
22. h3 g5 23. fxg5 Rg6 24. Qf2 Rxg5 25. Qf4 Qxf4 26. exf4 Rg3 27. Ne2 Rxa3 28.
Rxa3 Nxa3 29. Rc1 Nxb4 30. Nxe6 Nc4 31. Ng3 Re7 32. Nc5 Nd6 33. Nxa6 Nxa6 34.
Rc6 Ne4 35. Nxf5 Ra7 36. Ne3 Nc7 37. Rb6 Ra1+ 38. Kh2 Ra7 39. f5 Kf7 40. g4 Ke7
41. Rh6 Ra2+ 42. Kg1 Ng5 43. h4 Nf3+ 44. Kf1 Nxd4 45. Rxh7+ Kd6 46. g5 b4 47.
g6 b3 48. Nd1 Ra1 49. g7 b2 50. g8=Q Rxd1+ 51. Kg2 Rd2+ 52. Kh3 b1=Q 53. Qg3+
Kc5 54. Rxc7+ Nc6 55. Qc3+ Kd6 56. Rxc6+ Kd7 57. Rc7+ Kd6 58. Qc5+ Ke5 59. Re7+
1-0

[Event "Kieler Open 2017-A"]
[Site "Kiel"]
[Date "2017.08.02"]
[Round "7.20"]
[White "Arndt, Magnus"]
[Black "Gutschenreiter, Donato"]
[Result "1/2-1/2"]
[WhiteElo "2072"]
[BlackElo "1714"]
[Annotator "FS"]
[PlyCount "44"]


1. e4 c5 2. c3 Nf6 3. e5 Nd5 4. g3 d6 5. exd6 Qxd6 6. Bg2 Nc6 7. Nf3 Bf5 8. d3
e5 9. O-O Be7 10. Na3 Rd8 11. Re1 f6 12. d4 cxd4 13. cxd4 Ndb4 14. Be3 Nd3 15.
Re2 exd4 16. Nb5 Qb4 17. Nbxd4 Nxd4 18. Nxd4 Rxd4 19. Bxd4 Qxd4 20. Bf1 Bg4 21.
Rxe7+ Kxe7 22. Qxd3 Qxd3 1/2-1/2

[Event "Kieler Open 2017-A"]
[Site "Kiel"]
[Date "2017.08.02"]
[Round "7.21"]
[White "Neuendorf, Max"]
[Black "Rieper, Julian"]
[Result "1-0"]
[WhiteElo "1892"]
[BlackElo "2048"]
[Annotator "FS"]
[PlyCount "57"]


1. e4 e5 2. Nf3 Nc6 3. Bc4 Nf6 4. d4 exd4 5. O-O Bc5 6. e5 d5 7. exf6 dxc4 8.
Re1+ Be6 9. Ng5 Qd5 10. Nc3 Qf5 11. Nce4 O-O-O 12. g4 Qd5 13. Nxe6 fxe6 14.
fxg7 Rhg8 15. Bh6 Ne5 16. Nf6 Nf3+ 17. Kh1 Qc6 18. Re4 Ne5 19. f3 Nf7 20. Nxg8
Rxg8 21. Bf4 Rxg7 22. Qe2 Rg6 23. Qxc4 Rxg4 24. b4 e5 25. Qxf7 Rxf4 26. Rxf4
exf4 27. Qg8+ Kd7 28. Qg4+ Kd8 29. bxc5 1-0

[Event "Kieler Open 2017-A"]
[Site "Kiel"]
[Date "2017.08.02"]
[Round "7.22"]
[White "Lenhardt, Manfred"]
[Black "Kaiser, Johannes"]
[Result "1-0"]
[WhiteElo "2096"]
[BlackElo "1720"]
[Annotator "FS"]
[PlyCount "115"]


1. Nf3 Nf6 2. d4 d5 3. c4 e6 4. g3 Be7 5. Bg2 O-O 6. O-O b6 7. Nc3 Bb7 8. Qa4
Qd7 9. Ne5 Qxa4 10. Nxa4 Rd8 11. Bf4 Nbd7 12. Nc3 a6 13. Rfd1 Nxe5 14. Bxe5 Rd7
15. cxd5 Nxd5 16. Nxd5 Bxd5 17. e4 Bb7 18. Rac1 Bd6 19. Bxd6 cxd6 20. Rc3 Rc8
21. Rdc1 Rxc3 22. Rxc3 b5 23. e5 d5 24. Rc5 Kf8 25. f4 Ke7 26. Bh3 g6 27. Kf2
h5 28. Bf1 Kd8 29. h3 Rc7 30. Rxc7 Kxc7 31. g4 hxg4 32. h4 Kd7 33. Kg3 Ke7 34.
Kxg4 Kf8 35. Kg5 Kg7 36. Bd3 Bc8 37. Bc2 Bd7 38. a3 Be8 39. Bd1 Bc6 40. Be2 Be8
41. a4 Bd7 42. axb5 axb5 43. Kg4 Kf8 44. Kf3 Ke7 45. Ke3 Kd8 46. Kd2 Kc7 47.
Kc3 Kb7 48. h5 gxh5 49. Bxh5 Be8 50. f5 exf5 51. e6 fxe6 52. Bxe8 Kc7 53. Bxb5
Kd6 54. Bd3 f4 55. b4 e5 56. dxe5+ Kxe5 57. b5 f3 58. Bf1 1-0

[Event "Kieler Open 2017-A"]
[Site "Kiel"]
[Date "2017.08.02"]
[Round "7.23"]
[White "Neumann, Frank"]
[Black "Bernhardsson, Sten"]
[Result "1/2-1/2"]
[WhiteElo "2072"]
[BlackElo "1927"]
[Annotator "FS"]
[PlyCount "76"]


1. d4 d5 2. c4 e6 3. Nc3 Nf6 4. Nf3 Be7 5. Bf4 O-O 6. e3 a6 7. c5 c6 8. b4 Nh5
9. Bd3 Nxf4 10. exf4 Nd7 11. O-O f5 12. Ne5 Nxe5 13. fxe5 Bd7 14. f4 Kh8 15. g4
g5 16. gxf5 exf5 17. Ne2 Qe8 18. Kh1 g4 19. Qe1 Be6 20. a4 h5 21. Kg2 h4 22.
Kf2 Qh5 23. Ke3 Kg7 24. b5 axb5 25. axb5 Kf7 26. Rg1 Rg8 27. Rxa8 Rxa8 28. bxc6
bxc6 29. Qb1 Qh8 30. Qb7 Qc8 31. Rb1 Ra2 32. Qxc8 Bxc8 33. Rb8 Be6 34. Rb6 Ra1
35. Rb1 Ra3 36. Rb8 Ra1 37. Rb1 Ra3 38. Rb8 Ra1 1/2-1/2

[Event "Kieler Open 2017-A"]
[Site "Kiel"]
[Date "2017.08.02"]
[Round "7.24"]
[White "Schmidt, Peter"]
[Black "Voelzke, Ferdinand"]
[Result "0-1"]
[WhiteElo "1949"]
[BlackElo "2134"]
[Annotator "FS"]
[PlyCount "80"]


1. e4 d6 2. d4 Nf6 3. Nc3 e5 4. Nf3 Nbd7 5. Bc4 Be7 6. O-O O-O 7. a4 c6 8. a5
Rb8 9. Qe2 b5 10. axb6 axb6 11. h3 b5 12. Bb3 Qc7 13. d5 b4 14. dxc6 bxc3 15.
cxd7 Bxd7 16. bxc3 Qxc3 17. Bd2 Qc8 18. Ne1 Bc6 19. f3 Nh5 20. Kh2 Bh4 21. Rg1
Bb5 22. Nd3 Bg3+ 23. Kh1 h6 24. Ra3 Qd8 25. Rga1 Qh4 26. Ra7 Nf4 27. Bxf4 Bxf4
28. Qf2 Bg3 29. Qe2 Bxd3 30. Qxd3 Bf4 31. Kg1 Qg3 32. Kf1 Qh2 33. Qd5 Bg3 34.
Rxf7 Qh1+ 35. Ke2 Qxg2+ 36. Kd3 Rxf7 37. Qxf7+ Kh8 38. Ra7 Be1 39. Rb7 Qd2+ 40.
Kc4 Qd4+ 0-1

[Event "Kieler Open 2017-A"]
[Site "Kiel"]
[Date "2017.08.02"]
[Round "7.25"]
[White "Röttig, Hans-Peter"]
[Black "Terwitte, Heinrich"]
[Result "1-0"]
[WhiteElo "2078"]
[BlackElo "1913"]
[Annotator "FS"]
[PlyCount "89"]


1. e4 c5 2. d4 cxd4 3. c3 dxc3 4. Nxc3 e6 5. Nf3 Nc6 6. Bc4 Bb4 7. Bd2 Nge7 8.
O-O d5 9. exd5 exd5 10. Bd3 h6 11. Re1 O-O 12. a3 Bd6 13. Nh4 Ne5 14. Bb1 Bg4
15. Qc2 f5 16. f4 Nc4 17. Bc1 Bc5+ 18. Kh1 Nc6 19. Ng6 Re8 20. Ne5 Qh4 21. Rf1
Nd4 22. Qd3 Nxe5 23. fxe5 Rxe5 24. Bf4 Re1 25. Ba2 Rae8 26. Bg3 Rxf1+ 27. Rxf1
Qg5 28. Bxd5+ Kh8 29. Bf4 Qe7 30. b4 Bb6 31. h3 Bh5 32. Bc4 Rd8 33. Qg3 Bf7 34.
Re1 Qf8 35. Bd3 Ne6 36. Be5 Bg8 37. Bc4 Ng5 38. Bd3 Bh7 39. Rf1 Kg8 40. h4 Ne6
41. Bc4 Re8 42. Re1 Kf7 43. Bd6 Qg8 44. Qe5 Kg6 45. Bxe6 1-0

[Event "Kieler Open 2017-A"]
[Site "Kiel"]
[Date "2017.08.02"]
[Round "7.26"]
[White "Krieglstein, Marcel"]
[Black "Oltzen, Samuel"]
[Result "1/2-1/2"]
[WhiteElo "1930"]
[BlackElo "1990"]
[Annotator "FS"]
[PlyCount "35"]


1. d4 Nf6 2. c4 e6 3. Nf3 d5 4. Nc3 dxc4 5. e3 a6 6. a4 Bb4 7. Bd2 O-O 8. Bxc4
Nbd7 9. O-O Nb6 10. Bb3 Qe7 11. Qe2 Rd8 12. Rfc1 Bxc3 13. Bxc3 Nbd5 14. Bd2 Ne4
15. Ba5 b6 16. Be1 Bb7 17. Ne5 c5 18. f3 1/2-1/2

[Event "Kieler Open 2017-A"]
[Site "Kiel"]
[Date "2017.08.02"]
[Round "7.27"]
[White "Jordan, Christian"]
[Black "Boyens, Birger"]
[Result "1-0"]
[WhiteElo "2182"]
[BlackElo "1996"]
[Annotator "FS"]
[PlyCount "83"]


1. e4 e5 2. Nf3 Nc6 3. Bb5 a6 4. Ba4 b5 5. Bb3 Na5 6. O-O d6 7. c3 Nxb3 8. axb3
c5 9. d4 cxd4 10. cxd4 f6 11. Bd2 Bb7 12. Ba5 Qe7 13. Nc3 f5 14. dxe5 fxe4 15.
Nd5 Bxd5 16. Qxd5 Rc8 17. exd6 Qxd6 18. Qxe4+ Be7 19. Rac1 Qd7 20. Rxc8+ Qxc8
21. Re1 Kf8 22. Bb4 Qe8 23. Ng5 Qd7 24. Qf4+ Ke8 25. Qb8+ Qd8 26. Qxd8+ Kxd8
27. Bxe7+ Nxe7 28. Nf7+ Ke8 29. Nxh8 Kf8 30. Rd1 Nc6 31. Rd6 Na5 32. Rxa6 Nxb3
33. Ra7 Nc5 34. Nf7 Nd3 35. Nd6 b4 36. Rb7 g5 37. Kf1 h5 38. Ke2 Nf4+ 39. Kf3
Nd3 40. Ke3 Ne1 41. g3 g4 42. Rh7 1-0

[Event "Kieler Open 2017-A"]
[Site "Kiel"]
[Date "2017.08.02"]
[Round "7.28"]
[White "Rohde, Patrick"]
[Black "Papesch, Dennis"]
[Result "1/2-1/2"]
[WhiteElo "1939"]
[BlackElo "1825"]
[Annotator "FS"]
[PlyCount "48"]


1. e4 c6 2. d4 d5 3. e5 Bf5 4. Nf3 e6 5. Be2 Ne7 6. O-O Bg6 7. c4 Nd7 8. Nc3
dxc4 9. Bxc4 Nb6 10. Bb3 Nf5 11. Be3 Be7 12. Qe2 O-O 13. Rfd1 Nd5 14. Rac1 Rc8
15. Nxd5 cxd5 16. Qb5 Nxe3 17. fxe3 Rc7 18. Rc3 Rxc3 19. bxc3 Qc7 20. c4 a6 21.
Qa4 dxc4 22. Qxc4 Qxc4 23. Bxc4 Rc8 24. Bd3 Bxd3 1/2-1/2

[Event "Kieler Open 2017-A"]
[Site "Kiel"]
[Date "2017.08.02"]
[Round "7.29"]
[White "Sasaki, yu"]
[Black "Benzen, Marthe"]
[Result "1-0"]
[WhiteElo "1732"]
[BlackElo "2016"]
[Annotator "FS"]
[PlyCount "107"]

[WhiteTeamCountry "JPN"]

1. e4 e5 2. Nf3 Nc6 3. Bb5 a6 4. Ba4 Nf6 5. O-O b5 6. Bb3 Be7 7. Re1 d6 8. c3
O-O 9. h3 Na5 10. Bc2 c5 11. d3 Qc7 12. Nbd2 Nc6 13. Nf1 d5 14. exd5 Nxd5 15.
Ng3 b4 16. c4 Nf6 17. Qe2 Re8 18. Ne4 Bf5 19. Ba4 Bxe4 20. dxe4 Nd7 21. Be3
Red8 22. Rad1 Nd4 23. Nxd4 cxd4 24. Bc1 Nb6 25. Bb3 Rac8 26. c5 Bxc5 27. Qxa6
Rd6 28. Qe2 Rf6 29. Rd3 Nd7 30. g4 Bb6 31. Rf3 Qa7 32. Rxf6 Nxf6 33. Bd2 Bc5
34. Qf3 Rd8 35. g5 Ne8 36. Rc1 Nd6 37. h4 g6 38. h5 gxh5 39. Kh2 Rd7 40. Rg1
Kf8 41. g6 hxg6 42. Rxg6 Nxe4 43. Bh6+ Ke7 44. Qxf7+ Kd8 45. Qg8+ Kc7 46. Be6
Re7 47. Qc8+ Kb6 48. Bd7+ Ka5 49. Qd8+ Bb6 50. Qxe7 Nc5 51. Rd6 Qb7 52. Bd2 Nd3
53. a3 Bc5 54. Qd8+ 1-0

[Event "Kieler Open 2017-A"]
[Site "Kiel"]
[Date "2017.08.02"]
[Round "7.31"]
[White "Untiedt, Urs Arved"]
[Black "Schramm, Bernd"]
[Result "1-0"]
[WhiteElo "1720"]
[BlackElo "2036"]
[Annotator "FS"]
[PlyCount "84"]


1. e4 e5 2. Nf3 Nc6 3. Bc4 Nf6 4. d3 Be7 5. O-O O-O 6. c3 d6 7. Re1 Na5 8. Bb3
Nxb3 9. Qxb3 c6 10. Bg5 Qc7 11. Nbd2 Be6 12. Qc2 h6 13. Bh4 Rfe8 14. Rac1 Rad8
15. d4 b5 16. b3 a5 17. c4 Qb8 18. Qb2 Nd7 19. Bg3 f6 20. Nh4 Bf7 21. Nf5 Bf8
22. Rc2 exd4 23. c5 Ne5 24. cxd6 Nd3 25. Qxd4 Nxe1 26. Rc1 Re5 27. Bxe5 fxe5
28. Qe3 Bxd6 29. Qg3 Bf8 30. Nxh6+ Kh7 31. Nxf7 Rxd2 32. Rxe1 Bc5 33. Rf1 Qa7
34. Ng5+ Kg8 35. h3 Bd4 36. a4 b4 37. Qh4 Rb2 38. Qh7+ Kf8 39. Qh8+ Ke7 40.
Qxg7+ Kd6 41. Qf6+ Kd7 42. h4 c5 1-0

[Event "Kieler Open 2017-A"]
[Site "Kiel"]
[Date "2017.08.02"]
[Round "7.32"]
[White "Christensen, Andreas"]
[Black "Kreutz, Jonas"]
[Result "0-1"]
[WhiteElo "1809"]
[BlackElo "1826"]
[Annotator "FS"]
[PlyCount "84"]


1. e4 e6 2. d4 d5 3. Nd2 Nc6 4. Ngf3 Nf6 5. e5 Nd7 6. Nb3 a5 7. a4 b6 8. Be2
Be7 9. O-O Na7 10. Be3 c5 11. c3 c4 12. Nbd2 b5 13. axb5 Nxb5 14. Qa4 Nb6 15.
Qc2 a4 16. Nb1 Bd7 17. Nfd2 Bc6 18. f4 g6 19. Kh1 h5 20. Nf3 Kd7 21. Ng5 Qf8
22. h4 Nc7 23. Na3 Ne8 24. f5 gxf5 25. Rxf5 exf5 26. Qxf5+ Kc7 27. Nxf7 Ng7 28.
Qg6 Rg8 29. Rf1 Qe8 30. Bh6 Bxa3 31. bxa3 Ne6 32. Qh7 Qe7 33. Qf5 Qxh4+ 34. Qh3
Qxh3+ 35. gxh3 Rg3 36. Nd6 Rag8 37. Rf2 Rxh3+ 38. Rh2 Rxc3 39. Bxh5 Rxa3 40.
Rf2 Rh3+ 41. Rh2 Rxh2+ 42. Kxh2 a3 0-1

[Event "Kieler Open 2017-A"]
[Site "Kiel"]
[Date "2017.08.02"]
[Round "7.33"]
[White "Weißhorn, Lasse"]
[Black "Litau, Alexej"]
[Result "1/2-1/2"]
[WhiteElo "1745"]
[BlackElo "1701"]
[Annotator "FS"]
[PlyCount "83"]


1. e4 e6 2. d4 d5 3. Nc3 Nf6 4. e5 Nfd7 5. f4 c5 6. Nf3 Nc6 7. Be3 Be7 8. Qd2
b6 9. Be2 Bb7 10. O-O O-O 11. Rae1 f6 12. Nd1 cxd4 13. Nxd4 Nxd4 14. Bxd4 fxe5
15. fxe5 Qc7 16. Bg4 Qc6 17. Nf2 Ba6 18. Nd3 Nc5 19. Nb4 Qd7 20. Nxa6 Nxa6 21.
Qd3 Nc7 22. Qh3 Bc5 23. c3 Rad8 24. Qe3 Qe7 25. Be2 a5 26. a3 Rxf1+ 27. Rxf1
Rf8 28. b4 Rxf1+ 29. Bxf1 axb4 30. cxb4 Bxd4 31. Qxd4 b5 32. Qb6 Qd7 33. Bd3 g6
34. Qd6 Qc8 35. Qc6 Qb8 36. g3 Qa7+ 37. Kg2 Qxa3 38. Qxc7 Qxd3 39. Qc8+ Kg7 40.
Qxe6 Qe2+ 41. Kg1 Qe1+ 42. Kg2 1/2-1/2

[Event "Kieler Open 2017-A"]
[Site "Kiel"]
[Date "2017.08.02"]
[Round "7.34"]
[White "Farokhi, Keyvan"]
[Black "Berenstein, Alexander"]
[Result "0-1"]
[WhiteElo "1726"]
[BlackElo "1997"]
[Annotator "FS"]
[PlyCount "110"]


1. e4 c5 2. Nf3 d6 3. d4 cxd4 4. Nxd4 a6 5. Nc3 b5 6. Be2 Bb7 7. O-O g6 8. f4
Bg7 9. Be3 Nd7 10. Bf3 Qc7 11. a3 Ngf6 12. g4 Nc5 13. e5 dxe5 14. Bxb7 Nxb7 15.
fxe5 Qxe5 16. Qf3 O-O 17. Rae1 Na5 18. Bf2 Qd6 19. g5 Nh5 20. Nf5 gxf5 21. Qxh5
Nc4 22. Rd1 Qg6 23. Qxg6 fxg6 24. Nd5 Nxb2 25. Nxe7+ Kh8 26. Rde1 Nc4 27. Bc5
Nd2 28. Rf4 Ne4 29. Rexe4 fxe4 30. Rh4 Rfd8 31. Nxg6+ Kg8 32. Ne7+ Kf7 33. Rf4+
Ke8 34. Rxe4 Rd1+ 35. Kg2 Kd7 36. Nf5 Bf8 37. Bb4 a5 38. Bxf8 Rxf8 39. Re5 Kc6
40. Ne3 Ra1 41. c4 Ra2+ 42. Kg1 Rxa3 43. cxb5+ Kd7 44. b6 a4 45. Nc4 Ra1+ 46.
Kg2 Kc6 47. Ra5 Rf4 48. Nb2 Kxb6 49. Re5 a3 50. Nd3 Rd4 51. Nc5 Rd2+ 52. Kh3
Rb1 53. Ne4 Rd4 54. Ng3 a2 55. Re6+ Kc7 0-1

[Event "Kieler Open 2017-A"]
[Site "Kiel"]
[Date "2017.08.02"]
[Round "7.35"]
[White "Oltmanns, Marc"]
[Black "Mohamed, Galal"]
[Result "1-0"]
[WhiteElo "1679"]
[BlackElo "1865"]
[Annotator "FS"]
[PlyCount "69"]


1. Nf3 d5 2. c4 d4 3. e3 c5 4. b4 dxe3 5. fxe3 cxb4 6. d4 e6 7. Bd3 Nc6 8. O-O
Nf6 9. Nbd2 Be7 10. Ne4 O-O 11. Qc2 Nxe4 12. Bxe4 f5 13. Bd3 Bf6 14. Bb2 Ne7
15. e4 g6 16. e5 Bg7 17. Qd2 a5 18. Rad1 Qb6 19. Kh1 Rd8 20. Qg5 Kf7 21. Qh4 h6
22. Bc1 Ng8 23. Be2 Qc7 24. d5 Qe7 25. Ng5+ Ke8 26. d6 Qd7 27. Nf3 Qa4 28. Rd2
Bd7 29. Bd1 Qc6 30. Rdf2 Rdc8 31. Be2 Qe4 32. Qxe4 fxe4 33. Nh4 g5 34. Ng6 Kd8
35. Rf7 1-0

[Event "Kieler Open 2017-A"]
[Site "Kiel"]
[Date "2017.08.02"]
[Round "7.36"]
[White "Müller, Richard"]
[Black "Strätker, Sebastian"]
[Result "0-1"]
[WhiteElo "1484"]
[BlackElo "1887"]
[Annotator "FS"]
[PlyCount "100"]


1. Nf3 Nf6 2. g3 g6 3. Bg2 Bg7 4. O-O O-O 5. d4 d5 6. Nc3 c6 7. e3 Bf5 8. b3
Nbd7 9. Bb2 Ne4 10. Nh4 Nxc3 11. Bxc3 Be4 12. f3 Bf5 13. Nxf5 gxf5 14. Bh3 e6
15. Kh1 c5 16. Qd2 Qf6 17. Rab1 b5 18. Bb2 c4 19. Rg1 Qh6 20. Bf1 Nf6 21. Qf2
Nd7 22. g4 fxg4 23. Rxg4 f5 24. Rh4 Qf6 25. Be2 Rf7 26. Rg1 Nf8 27. b4 Ng6 28.
Rh5 Rc8 29. c3 e5 30. Bc1 Re8 31. dxe5 Qxe5 32. Bd2 Nf4 33. Rh4 Nxe2 34. Qxe2
f4 35. Rhg4 fxe3 36. Be1 Ree7 37. Bh4 Re6 38. Be1 Kf8 39. Qg2 e2 40. Qh3 Rh6
41. Qg2 Qf6 42. f4 Re7 43. Qxd5 Qc6 44. Qxc6 Rxc6 45. Rg5 a6 46. Rf5+ Rf6 47.
Rxf6+ Bxf6 48. Kg2 Rg7+ 49. Kh1 Rd7 50. Kg2 Rd3 0-1

[Event "Kieler Open 2017-A"]
[Site "Kiel"]
[Date "2017.08.02"]
[Round "7.37"]
[White "Fleischmann, Yannic"]
[Black "Gehlsen, René"]
[Result "1-0"]
[WhiteElo "1614"]
[BlackElo "1635"]
[Annotator "FS"]
[PlyCount "69"]


1. e4 g6 2. d4 d6 3. Nc3 a6 4. Be3 b5 5. a3 Bg7 6. Bd3 Bb7 7. Nge2 Nd7 8. O-O
Ngf6 9. h3 O-O 10. f4 e5 11. dxe5 dxe5 12. f5 c5 13. Ng3 h5 14. Qf3 c4 15. Be2
Qc7 16. Bg5 Bc6 17. Qe3 Qb7 18. Bf3 Rae8 19. Kh1 Kh7 20. Rad1 a5 21. Rf2 b4 22.
axb4 Qxb4 23. Rfd2 Qxb2 24. Rd6 Qb7 25. Qe2 Rc8 26. Bxh5 Nxe4 27. fxg6+ fxg6
28. Bxg6+ Kg8 29. Ncxe4 Rf4 30. Bxf4 exf4 31. Qxc4+ Kh8 32. Qe2 Nf8 33. Qh5+
Kg8 34. Bf5 Be8 35. Bxc8 1-0

[Event "Kieler Open 2017-A"]
[Site "Kiel"]
[Date "2017.08.02"]
[Round "7.38"]
[White "Rohmann, Volker"]
[Black "Koedijk, Klaas Jan"]
[Result "0-1"]
[WhiteElo "1818"]
[BlackElo "1311"]
[Annotator "FS"]
[PlyCount "100"]


1. e4 c5 2. Nf3 g6 3. d4 cxd4 4. Nxd4 Bg7 5. Nc3 Nc6 6. Be3 Nf6 7. Be2 O-O 8.
O-O d5 9. exd5 Nxd5 10. Nxd5 Qxd5 11. Nxc6 bxc6 12. Bf3 Qb5 13. c3 Ba6 14. Qc2
Rab8 15. Rab1 c5 16. b3 Qd3 17. Qc1 Qxf1+ 18. Qxf1 Bxf1 19. Kxf1 Rbc8 20. c4
Rfd8 21. Bf4 Rd7 22. Rd1 Rxd1+ 23. Bxd1 Rd8 24. Bf3 Bc3 25. Ke2 e5 26. Bg5 Rd7
27. Bd5 Kg7 28. Kd3 Bd4 29. f3 f6 30. Bd2 Rd6 31. a4 Rb6 32. Kc2 Kf8 33. Ba5
Rb8 34. Bd2 Ke7 35. Bc1 Rd8 36. Kd3 Kd6 37. Bd2 Rb8 38. Kc2 h5 39. Be1 g5 40.
Bd2 g4 41. f4 exf4 42. Bxf4+ Be5 43. Be3 Bxh2 44. Bf7 h4 45. Bh5 h3 46. gxh3
gxh3 47. Bg4 Rh8 48. Bf3 Be5 49. Kd3 h2 50. Bh1 Rg8 0-1

[Event "Kieler Open 2017-A"]
[Site "Kiel"]
[Date "2017.08.02"]
[Round "7.39"]
[White "Olde, Henning"]
[Black "Henschen, Patrick"]
[Result "1-0"]
[WhiteElo "1873"]
[BlackElo "1720"]
[Annotator "FS"]
[PlyCount "105"]


1. f4 d5 2. Nf3 Nf6 3. e3 g6 4. d4 Bg7 5. Bd3 Nbd7 6. O-O c5 7. c3 b6 8. Ne5
Bb7 9. Nd2 O-O 10. Qf3 e6 11. Qh3 cxd4 12. exd4 Ne4 13. Ndf3 Qe8 14. Re1 f5 15.
a4 a6 16. g3 Ndf6 17. b3 Qc8 18. Bb2 Rd8 19. Rec1 Qb8 20. Qf1 Qa7 21. Kg2 Rac8
22. Qe2 Rc7 23. Rc2 Rdc8 24. Rac1 Bf8 25. h3 Nh5 26. Bxe4 dxe4 27. Ne1 Nf6 28.
Kh2 Nd5 29. Ng2 Ba8 30. Ne3 Qb7 31. Qf2 b5 32. axb5 axb5 33. Qd2 Bg7 34. Nxd5
Qxd5 35. c4 bxc4 36. bxc4 Qb7 37. c5 Bxe5 38. fxe5 Qb5 39. Bc3 Bd5 40. Rb2 Qd7
41. Rb6 Ra7 42. Rcb1 Qe8 43. h4 Rca8 44. Qc2 Qc8 45. Bd2 e3 46. Bxe3 Be4 47.
Qb3 Ra2+ 48. Kg1 Bxb1 49. Rxe6 Kh8 50. Bg5 Qf8 51. Bf6+ Qxf6 52. exf6 Be4 53.
Qxa2 1-0

[Event "Kieler Open 2017-A"]
[Site "Kiel"]
[Date "2017.08.02"]
[Round "7.40"]
[White "Degenhardt, Andreas"]
[Black "Zimmermann, Manfred"]
[Result "0-1"]
[WhiteElo "1777"]
[BlackElo "1997"]
[Annotator "FS"]
[PlyCount "66"]


1. d4 Nf6 2. Nf3 e6 3. Nbd2 d5 4. e3 Nbd7 5. Bd3 Bd6 6. O-O c5 7. b3 cxd4 8.
exd4 O-O 9. Bb2 b6 10. Ne5 Bb7 11. Qe2 Re8 12. f4 g6 13. Rf3 Nf8 14. Raf1 N6d7
15. Rg3 f5 16. Ndf3 Re7 17. Nxd7 Rxd7 18. Ng5 Qf6 19. Qd2 Rc8 20. Nf3 Rg7 21.
Ne5 Qd8 22. Rc1 Rgc7 23. Re3 Be7 24. Qe2 Kg7 25. Rg3 Bd6 26. Re3 Qe7 27. a4 Bb4
28. Ra1 a5 29. Nf3 Bd6 30. g3 h6 31. h4 Re8 32. Kf2 Nd7 33. Rh1 Nf8 0-1

[Event "Kieler Open 2017-A"]
[Site "Kiel"]
[Date "2017.08.02"]
[Round "7.41"]
[White "van Foreest, Machteld"]
[Black "Vorsilka, Jiri"]
[Result "1-0"]
[WhiteElo "1793"]
[BlackElo "1593"]
[Annotator "FS"]
[PlyCount "45"]


1. e4 c5 2. Nf3 d6 3. d4 cxd4 4. Nxd4 Nf6 5. Nc3 a6 6. Bg5 e6 7. f4 Be7 8. Qf3
Nbd7 9. O-O-O Nb6 10. Bxf6 Bxf6 11. e5 Be7 12. exd6 Bxd6 13. Kb1 Qe7 14. Bd3
Rb8 15. Rhe1 g6 16. Ne4 Bd7 17. Nxd6+ Qxd6 18. Nxe6 Qb4 19. c3 Qa5 20. Re5 Qxe5
21. fxe5 Bxe6 22. Be4 Nc8 23. Qf6 1-0

[Event "Kieler Open 2017-A"]
[Site "Kiel"]
[Date "2017.08.02"]
[Round "7.42"]
[White "Isler, Benjamin"]
[Black "Rommeck, Christiane"]
[Result "1-0"]
[WhiteElo "1897"]
[BlackElo "1616"]
[Annotator "FS"]
[PlyCount "49"]


1. e4 d5 2. d4 dxe4 3. Nc3 Nf6 4. f3 c5 5. Bb5+ Bd7 6. dxc5 exf3 7. Nxf3 Nc6 8.
O-O e6 9. Be3 Qc7 10. Ng5 Be7 11. Qe2 O-O 12. Bd3 h6 13. Nge4 Nxe4 14. Nxe4 Ne5
15. Rad1 Nxd3 16. cxd3 f5 17. Nf2 Bxc5 18. Rc1 b6 19. b4 Qe5 20. bxc5 f4 21.
Ng4 Qg5 22. Bd2 bxc5 23. Ne5 Be8 24. Qe4 Bh5 25. Bxf4 1-0

[Event "Kieler Open 2017-A"]
[Site "Kiel"]
[Date "2017.08.02"]
[Round "7.44"]
[White "Behrendt, Matthias"]
[Black "Bernard, Adrian"]
[Result "0-1"]
[WhiteElo "1703"]
[BlackElo "1745"]
[Annotator "FS"]
[PlyCount "114"]


1. Nf3 d5 2. g3 e6 3. Bg2 Nf6 4. c4 dxc4 5. Qa4+ Bd7 6. Qxc4 Bc6 7. Nc3 Nbd7 8.
e3 Be7 9. d4 Nb6 10. Qe2 O-O 11. O-O a6 12. Rd1 Nbd5 13. Bd2 Bd6 14. Nxd5 Bxd5
15. b4 c6 16. Bh3 Ne4 17. Ne5 f6 18. Nc4 Qe7 19. Nxd6 Nxd6 20. Rdc1 f5 21. f3
Qf6 22. Bg2 Qg6 23. a4 b5 24. Bc3 Qf7 25. a5 Qh5 26. Re1 Rf6 27. e4 Bc4 28. Qd2
Rh6 29. exf5 Qxh2+ 30. Kf2 Nxf5 31. Qf4 Rh3 32. Rh1 Qxg3+ 33. Qxg3 Rxg3 34. Bh3
Rg6 35. Rae1 Rf8 36. Re5 Rgf6 37. Bg2 Bd5 38. Rh3 Nd6 39. Ke2 g6 40. Rg5 Nc4
41. Rgg3 Kg7 42. Rh1 h6 43. Rgh3 g5 44. Rh5 g4 45. Rg1 Kh7 46. f4 Rxf4 47. Bxd5
exd5 48. Rgh1 Re4+ 49. Kd3 Rf3+ 50. Kc2 Re6 51. Rg1 Rf2+ 52. Kb3 Re4 53. Rgh1
Rf6 54. Rg1 Re3 55. Rgh1 g3 56. Re5 Nxe5 57. dxe5 Rff3 0-1

[Event "Kieler Open 2017-A"]
[Site "Kiel"]
[Date "2017.08.02"]
[Round "7.45"]
[White "Lippmann, Kai"]
[Black "Rempe, Jonas"]
[Result "1-0"]
[WhiteElo "1959"]
[BlackElo "1749"]
[Annotator "FS"]
[PlyCount "93"]


1. c4 Nf6 2. g3 g6 3. Bg2 Bg7 4. Nc3 O-O 5. e3 d6 6. Nge2 e5 7. O-O Be6 8. Bxb7
Nbd7 9. Bxa8 Qxa8 10. f3 Bxc4 11. d3 Be6 12. e4 Nh5 13. Be3 f5 14. Qd2 Qd8 15.
Bg5 Ndf6 16. Rac1 Qd7 17. d4 fxe4 18. fxe4 Bh3 19. Rf2 Ng4 20. Rxf8+ Kxf8 21.
Nd5 Qf7 22. Nef4 exf4 23. Rxc7 Qe8 24. Qb4 f3 25. Be3 Nxe3 26. Nxe3 Qxe4 27.
Kf2 Kg8 28. Qb8+ Bf8 29. Qb3+ Be6 30. d5 Nf6 31. dxe6 Ng4+ 32. Ke1 f2+ 33. Kd2
Qxe3+ 34. Qxe3 f1=N+ 35. Ke2 Nfxe3 36. e7 Bxe7 37. Rxe7 Nc4 38. b3 Nce5 39.
Rxa7 Nxh2 40. a4 Nhf3 41. Rb7 Nd4+ 42. Ke3 Nf5+ 43. Ke4 Nxg3+ 44. Kd5 Nf5 45.
a5 Nd3 46. a6 Ne7+ 47. Kxd6 1-0

[Event "Kieler Open 2017-A"]
[Site "Kiel"]
[Date "2017.08.02"]
[Round "7.46"]
[White "Weber, Andreas"]
[Black "Samuelson, Bernd"]
[Result "1/2-1/2"]
[WhiteElo "1795"]
[BlackElo "1438"]
[Annotator "FS"]
[PlyCount "99"]


1. e4 d5 2. exd5 Qxd5 3. Nc3 Qd6 4. Bc4 Nf6 5. d3 a6 6. Qe2 b5 7. Bb3 Bb7 8.
Nf3 e6 9. Bd2 Be7 10. O-O-O Nbd7 11. Ne4 Nxe4 12. dxe4 c5 13. c3 O-O 14. Bg5
Bxg5+ 15. Nxg5 Qf4+ 16. Qd2 Qxd2+ 17. Rxd2 Nf6 18. f3 c4 19. Bc2 h6 20. Nh3 a5
21. Rhd1 b4 22. Rd6 bxc3 23. bxc3 Rfc8 24. Nf4 g5 25. Ne2 Rc6 26. Rd8+ Rxd8 27.
Rxd8+ Kg7 28. Ba4 Rb6 29. Ng3 h5 30. Rd4 h4 31. Nf1 Ba6 32. g3 e5 33. Rd8 hxg3
34. Nxg3 Kg6 35. Nf5 g4 36. Bd1 gxf3 37. Bxf3 Kg5 38. Ng3 Kf4 39. Bg2 Ng4 40.
Rg8 Rg6 41. Rh8 Nxh2 42. Ne2+ Ke3 43. Rxh2 Kxe2 44. Bh3+ Ke3 45. Bf5 Rg1+ 46.
Kb2 Bb7 47. Rh3+ Ke2 48. Rh7 Ke3 49. Rh3+ Kf4 50. Rh4+ 1/2-1/2